[Event "RA Summer Pickup #1"]
[Site "Ottawa CAN"]
[Date "2001.05.10"]
[Round "2"]
[White "Pacey, Kevin"]
[Black "Kirby, Patrick"]
[Result "1-0"]
[WhiteElo "2333"]
[BlackElo "2209"]
[PlyCount "59"]
[GameId "2160767911564861"]
[EventDate "2001.05.03"]
[EventType "swiss"]
[EventRounds "6"]
[EventCountry "CAN"]

1. e4 c5 2. Nc3 e6 3. g3 d5 4. exd5 exd5 5. Bg2 d4 6. Nd5 Bd6 7. d3 Nc6 8. Ne2 Nge7 9. Nef4 O-O 10. O-O Nxd5 11. Nxd5 Be6 12. Qh5 Qd7 13. Be4 f5 14. Bg2 Rae8 15. Bf4 Bf7 16. Qh4 Ne5 17. Qh3 Bb8 18. c4 Nxd3 19. Bxb8 Rxb8 20. Be4 Bxd5 21. Bxd5+ Kh8 22. Rad1 Nxb2 23. Rde1 Rfe8 24. Rxe8+ Rxe8 25. Rb1 Nd3 26. Rxb7 Qa4 27. Qxf5 Qd1+ 28. Kg2 Qe2 29. Be4 Ne1+ 30. Kg1 1-0

[Event "RA Summer Pickup #1"]
[Site "Ottawa CAN"]
[Date "2001.05.17"]
[Round "3"]
[White "Patterson, Roger"]
[Black "Pacey, Kevin"]
[Result "1/2-1/2"]
[WhiteElo "2267"]
[BlackElo "2333"]
[PlyCount "87"]
[GameId "2160767911564862"]
[EventDate "2001.05.03"]
[EventType "swiss"]
[EventRounds "6"]
[EventCountry "CAN"]

1. e4 e5 2. Nf3 Nc6 3. Bb5 a6 4. Ba4 Nf6 5. O-O Be7 6. Re1 b5 7. Bb3 d6 8. c3 O-O 9. h3 Na5 10. Bc2 c5 11. d4 Qc7 12. Nbd2 Bd7 13. Nf1 Nc4 14. b3 Nb6 15. d5 c4 16. Bd2 a5 17. Ne3 Rfc8 18. g4 g6 19. Nh2 Qc5 20. Qe2 cxb3 21. axb3 b4 22. cxb4 axb4 23. Bd3 Ra3 24. Rxa3 bxa3 25. Nc2 Bb5 26. Nb4 Bxd3 27. Qxd3 Ra8 28. Nc6 Nfxd5 29. exd5 Bh4 30. Be3 Qxd5 31. Qc2 Rc8 32. Rc1 a2 33. Qxa2 Rxc6 34. Rxc6 Qxc6 35. Qa6 Bd8 36. g5 d5 37. Ng4 Qe6 38. Bxb6 Qxb6 39. Qxb6 Bxb6 40. Nxe5 Bc7 41. Nd7 f5 42. Nf6+ Kf7 43. Nxd5 Bd8 44. h4 1/2-1/2

[Event "RA Summer Pickup #1"]
[Site "Ottawa CAN"]
[Date "2001.05.24"]
[Round "4"]
[White "Voloaca, Mihnea"]
[Black "Pacey, Kevin"]
[Result "1-0"]
[WhiteElo "2207"]
[BlackElo "2333"]
[PlyCount "105"]
[GameId "2160767911564863"]
[EventDate "2001.05.03"]
[EventType "swiss"]
[EventRounds "6"]
[EventCountry "CAN"]

1. Nf3 Nf6 2. g3 d5 3. Bg2 c6 4. O-O Bg4 5. d4 Nbd7 6. c4 e6 7. Qb3 Qb6 8. c5 Qxb3 9. axb3 Be7 10. b4 Ne4 11. Nbd2 Nxd2 12. Bxd2 Bf6 13. Bc3 Kd8 14. e4 Bxf3 15. Bxf3 dxe4 16. Bxe4 a6 17. b5 Nb8 18. f4 Kc8 19. b6 Rd8 20. Ra4 g6 21. g4 Re8 22. Bg2 Kd8 23. g5 Bh8 24. h4 Nd7 25. b4 Rc8 26. Kf2 Ke7 27. h5 gxh5 28. Rh1 Nf8 29. Rxh5 Red8 30. Ke3 Rd7 31. Ra2 Rcd8 32. Rd2 f6 33. f5 fxg5 34. fxe6 Nxe6 35. Rxh7+ Ng7 36. d5 Re8 37. dxc6 bxc6 38. Rxd7+ Kxd7+ 39. Kf2 Rf8+ 40. Kg1 Rg8 41. Rxh8 Rxh8 42. Bxg7 Rh4 43. b5 axb5 44. Be5 Kc8 45. Bxc6 Rh7 46. Bxb5 Kb7 47. Bf1 Kc6 48. Bg2+ Kxc5 49. b7 Rxb7 50. Bxb7 Kc4 51. Kf2 Kd3 52. Kg3 Ke3 53. Kg4 1-0

[Event "RA Summer Pickup #1"]
[Site "Ottawa CAN"]
[Date "2001.05.31"]
[Round "5"]
[White "Kirby, Patrick"]
[Black "Pacey, Kevin"]
[Result "1-0"]
[WhiteElo "2204"]
[BlackElo "2333"]
[PlyCount "99"]
[GameId "2160767911564864"]
[EventDate "2001.05.03"]
[EventType "swiss"]
[EventRounds "6"]
[EventCountry "CAN"]

1. e4 d6 2. d4 Nf6 3. Nc3 g6 4. g3 Bg7 5. Bg2 O-O 6. Nge2 Nc6 7. h3 e5 8. Be3 exd4 9. Nxd4 Ne5 10. Qc1 c6 11. O-O a5 12. f4 Nc4 13. Bf2 a4 14. b3 axb3 15. axb3 Rxa1 16. Qxa1 Nd2 17. Re1 c5 18. Qd1 cxd4 19. Bxd4 Nfxe4 20. Bxg7 Qb6+ 21. Kh2 Kxg7 22. Nxe4 Nxe4 23. Rxe4 Bf5 24. Re7 Qc5 25. c4 Ra8 26. Qd5 Qxd5 27. Bxd5 Ra2+ 28. Kg1 Bxh3 29. Rxf7+ Kh6 30. Rxb7 Ra1+ 31. Kf2 Ra2+ 32. Ke3 Bc8 33. Rb6 Rb2 34. Kd3 Kh5 35. Kc3 Rf2 36. Rxd6 Kg4 37. b4 Kxg3 38. b5 Kxf4 39. Rd8 Bf5 40. b6 Rc2+ 41. Kd4 Rd2+ 42. Kc5 h5 43. b7 Rb2 44. b8=Q+ Rxb8 45. Rxb8 h4 46. Rf8 h3 47. Kd6 h2 48. c5 Kg3 49. c6 Bd3 50. Rf3+ 1-0

[Event "RA Summer Pickup #1"]
[Site "Ottawa CAN"]
[Date "2001.06.07"]
[Round "6"]
[White "Pacey, Kevin"]
[Black "Simic, Dusan"]
[Result "0-1"]
[WhiteElo "2333"]
[BlackElo "2212"]
[PlyCount "52"]
[GameId "2160767911564865"]
[EventDate "2001.05.03"]
[EventType "swiss"]
[EventRounds "6"]
[EventCountry "CAN"]

1. e4 e6 2. d4 d5 3. e5 c5 4. Nf3 Nc6 5. Bd3 cxd4 6. O-O Nge7 7. Bf4 Ng6 8. Bg3 Be7 9. Nbd2 Bd7 10. Nb3 Qb6 11. a3 f5 12. exf6 Bxf6 13. Qe2 O-O-O 14. Bxg6 hxg6 15. Rfe1 Rh5 16. Qd3 e5 17. Qxg6 Rh6 18. Qf7 e4 19. Bf4 Rhh8 20. Ng5 Ne7 21. a4 Rdf8 22. a5 Qc6 23. Nxd4 Bxd4 24. Qxe7 Rxf4 25. Nf7 Bxf2+ 26. Kf1 Bc5+ 0-1

[Event "RA Summer Pickup #2"]
[Site "Ottawa CAN"]
[Date "2001.06.14"]
[Round "1"]
[White "Patterson, Roger"]
[Black "Pacey, Kevin"]
[Result "0-1"]
[WhiteElo "2249"]
[BlackElo "2311"]
[PlyCount "54"]
[GameId "2160767911564502"]
[EventDate "2001.06.14"]
[EventType "swiss"]
[EventRounds "6"]
[EventCountry "CAN"]

1. e4 e6 2. d4 d5 3. e5 c5 4. c3 Nc6 5. Nf3 Bd7 6. a3 c4 7. Bg5 Qb6 8. Qc2 f6 9. exf6 Nxf6 10. Nbd2 Bd6 11. Be2 O-O 12. b3 cxb3 13. Qxb3 Qxb3 14. Nxb3 Ne4 15. Bd2 e5 16. O-O Rae8 17. Rfd1 Nxd2 18. Rxd2 e4 19. Ne1 e3 20. fxe3 Rxe3 21. Bf3 Ne7 22. Nd3 Bf5 23. Nbc1 g5 24. Nb4 Bxb4 25. cxb4 Re1+ 26. Kf2 Rh1 27. h3 Bxh3 0-1

[Event "RA Summer Pickup #2"]
[Site "Ottawa CAN"]
[Date "2001.06.21"]
[Round "2"]
[White "Pacey, Kevin"]
[Black "Kirby, Patrick"]
[Result "1-0"]
[WhiteElo "2311"]
[BlackElo "2226"]
[PlyCount "71"]
[GameId "2160767911564503"]
[EventDate "2001.06.14"]
[EventType "swiss"]
[EventRounds "6"]
[EventCountry "CAN"]

1. e4 e5 2. Nf3 Nc6 3. Bc4 Nf6 4. d4 exd4 5. e5 d5 6. Bb5 Ne4 7. Nxd4 Bd7 8. Bxc6 bxc6 9. O-O Be7 10. f3 Nc5 11. Be3 O-O 12. Nc3 Re8 13. Qd2 Ne6 14. Nb3 a5 15. Na4 Bb4 16. c3 Bf8 17. Rae1 Bc8 18. f4 g6 19. Rf3 Ng7 20. Bc5 Ba6 21. Bxf8 Rxf8 22. Nac5 Bc4 23. Nc1 Qe7 24. Qf2 Ne6 25. Nxe6 fxe6 26. b3 Ba6 27. Qd2 c5 28. Rf2 Rfb8 29. Ne2 a4 30. Ng3 axb3 31. axb3 Rxb3 32. f5 Bc4 33. fxg6 hxg6 34. Rf6 Kg7 35. Qg5 Bd3 36. Rxg6+ 1-0

[Event "RA Summer Pickup #2"]
[Site "Ottawa CAN"]
[Date "2001.06.28"]
[Round "3"]
[White "Voloaca, Mihnea"]
[Black "Pacey, Kevin"]
[Result "1-0"]
[WhiteElo "2241"]
[BlackElo "2311"]
[PlyCount "109"]
[GameId "2160767911564504"]
[EventDate "2001.06.14"]
[EventType "swiss"]
[EventRounds "6"]
[EventCountry "CAN"]

1. Nf3 g6 2. d4 d6 3. g3 Bg7 4. Bg2 f5 5. c4 Nf6 6. Nc3 O-O 7. O-O c6 8. d5 Qa5 9. Qb3 cxd5 10. cxd5 Na6 11. a3 Bd7 12. Qa2 Rfc8 13. b4 Qc7 14. Bb2 Qc4 15. Qxc4 Rxc4 16. Nd2 Rc7 17. Rac1 Ng4 18. Nd1 Rxc1 19. Bxc1 Rc8 20. Ne3 Nxe3 21. fxe3 Rc2 22. Kf2 Nc7 23. Nb3 Nb5 24. Bf3 g5 25. h3 Nc3 26. g4 h5 27. gxf5 Bxf5 28. Bxh5 Bxh3 29. Rg1 Ne4+ 30. Kf3 Rc4 31. Na5 Rxc1 32. Rxc1 Nf6 33. Bg6 Nxd5 34. Nxb7 g4+ 35. Kf2 Be5 36. Rg1 Bf6 37. Kg3 Nxe3 38. Nd8 Nf1+ 39. Rxf1 Bxf1 40. Bd3 Bh3 41. Nc6 Kg7 42. a4 Kh6 43. b5 Kh5 44. a5 Bc3 45. Be4 Be1+ 46. Kh2 Bf2 47. Bg2 Kh4 48. Bxh3 gxh3 49. Kh1 Be1 50. b6 axb6 51. a6 Bf2 52. a7 b5 53. a8=Q e5 54. Qb7 Bc5 55. Qxb5 1-0

[Event "RA Summer Pickup #2"]
[Site "Ottawa CAN"]
[Date "2001.07.05"]
[Round "4"]
[White "Pacey, Kevin"]
[Black "Barclay, Wayne"]
[Result "0-1"]
[WhiteElo "2311"]
[BlackElo "2216"]
[PlyCount "130"]
[GameId "2160767911564505"]
[EventDate "2001.06.14"]
[EventType "swiss"]
[EventRounds "6"]
[EventCountry "CAN"]

1. e4 e6 2. d4 d5 3. Nc3 Bb4 4. e5 Ne7 5. a3 Bxc3+ 6. bxc3 c5 7. Qg4 Nf5 8. Bd3 h5 9. Qf4 Qc7 10. Bxf5 exf5 11. e6 Qe7 12. Nf3 Bxe6 13. O-O Nc6 14. a4 c4 15. Ba3 Qd7 16. Ne5 Nxe5 17. dxe5 h4 18. h3 Rh5 19. Qf3 Rh7 20. Qe3 Qc6 21. Rfd1 b6 22. Bb4 Rh5 23. a5 b5 24. Qe2 Rh6 25. a6 f4 26. Qf3 g5 27. Ra5 Rd8 28. Bd6 Qb6 29. Ra2 Rxd6 30. exd6 Qxd6 31. Rb1 Bd7 32. Re1+ Kd8 33. Raa1 Bc6 34. Rad1 Kc7 35. Rd4 Re6 36. Qd1 Qe7 37. Kf1 Kb6 38. Qb1 Rxe1+ 39. Qxe1 Qxe1+ 40. Kxe1 Kxa6 41. g3 hxg3 42. fxg3 fxg3 43. Rg4 f6 44. Rxg3 Bd7 45. Kd2 Kb6 46. Rf3 f5 47. Rg3 g4 48. hxg4 fxg4 49. Rg1 a5 50. Ra1 Bf5 51. Rf1 Be4 52. Rg1 Bf3 53. Ra1 a4 54. Ke3 Kc5 55. Ra2 Bd1 56. Kf2 d4 57. Ke1 Bf3 58. cxd4+ Kxd4 59. Ra3 c3 60. Kf2 Kc4 61. Ra2 Bd1 62. Kf1 Kb4 63. Kf2 a3 64. Kf1 Bxc2 65. Rxc2 Kb3 0-1

[Event "RA Summer Pickup #2"]
[Site "Ottawa CAN"]
[Date "2001.07.12"]
[Round "5"]
[White "Djerkovic, Miladin"]
[Black "Pacey, Kevin"]
[Result "1/2-1/2"]
[WhiteElo "2284"]
[BlackElo "2311"]
[PlyCount "136"]
[GameId "2160767911564506"]
[EventDate "2001.06.14"]
[EventType "swiss"]
[EventRounds "6"]
[EventCountry "CAN"]

1. e4 d6 2. d4 Nf6 3. Nc3 g6 4. Nf3 Bg7 5. Be2 O-O 6. O-O Bg4 7. h3 Bxf3 8. Bxf3 Nc6 9. Be3 Nd7 10. Ne2 Nb6 11. c3 e6 12. Ng3 Ne7 13. Be2 d5 14. e5 Nc4 15. Bc1 c5 16. b3 Na5 17. Bd3 Nac6 18. Be3 Qa5 19. Rc1 cxd4 20. cxd4 Qxa2 21. Ra1 Qb2 22. Ne2 Nf5 23. Bxf5 exf5 24. Qd3 Nb4 25. Qb5 Nc2 26. Rab1 Na3 27. Rxb2 Nxb5 28. Rc2 Rfc8 29. Rfc1 Rxc2 30. Rxc2 Bf8 31. g4 fxg4 32. hxg4 Bb4 33. f4 a6 34. f5 Ba5 35. Kf2 Bb6 36. Rc1 Rd8 37. Ke1 Na7 38. Kd2 Nc6 39. Kd3 Nb4+ 40. Kd2 Na2 41. Rc2 Ba5+ 42. Kd1 Nb4 43. Rc1 Nd3 44. Rc2 Nb4 45. Rc1 Nc6 46. Rc2 Bb6 47. Kd2 h5 48. gxh5 gxf5 49. Rc1 Ba5+ 50. Kc2 Rc8 51. Kb1 Ne7 52. Rxc8+ Nxc8 53. Bg5 Na7 54. Kc2 Nc6 55. Kd3 Nb4+ 56. Ke3 Nc2+ 57. Kf4 Na1 58. Kxf5 Nxb3 59. e6 fxe6+ 60. Kg6 Bd2 61. Nf4 Bxf4 62. Bxf4 Nxd4 63. h6 Nc6 64. Bg5 Ne5+ 65. Kf6 Ng4+ 66. Kxe6 d4 67. Kf5 Nxh6+ 68. Bxh6 a5 1/2-1/2

[Event "RA Summer Pickup #3"]
[Site "Ottawa CAN"]
[Date "2001.07.26"]
[Round "1"]
[White "Pacey, Kevin"]
[Black "Voloaca, Mihnea"]
[Result "1/2-1/2"]
[WhiteElo "2313"]
[BlackElo "2258"]
[PlyCount "58"]
[GameId "2160767911555397"]
[EventDate "2001.07.26"]
[EventType "swiss"]
[EventRounds "6"]
[EventCountry "CAN"]

1. e4 c5 2. Nc3 e6 3. g3 d5 4. exd5 exd5 5. Bg2 Nf6 6. d4 cxd4 7. Qxd4 Nc6 8. Qd1 Bb4 9. Nge2 O-O 10. O-O Be6 11. a3 Be7 12. h3 Ne4 13. Nf4 Nxc3 14. bxc3 Bf6 15. Nxd5 Bxd5 16. Qxd5 Bxc3 17. Rb1 Qxd5 18. Bxd5 Rad8 19. Bxc6 bxc6 20. Rb7 Bd4 21. Bf4 Rfe8 22. Rc7 Re6 23. Kg2 Bb6 24. Rb7 h6 25. Bc7 Bxc7 26. Rxc7 a5 27. Ra7 Re5 28. g4 Re2 29. c3 Re5 1/2-1/2

[Event "RA Summer Pickup #3"]
[Site "Ottawa CAN"]
[Date "2001.08.02"]
[Round "2"]
[White "Patterson, Roger"]
[Black "Pacey, Kevin"]
[Result "0-1"]
[WhiteElo "2234"]
[BlackElo "2303"]
[PlyCount "58"]
[GameId "2160767911555398"]
[EventDate "2001.07.26"]
[EventType "swiss"]
[EventRounds "6"]
[EventCountry "CAN"]

1. e4 c5 2. Nf3 d6 3. d4 cxd4 4. Nxd4 Nf6 5. Nc3 g6 6. Be3 Bg7 7. f3 O-O 8. Qd2 Nc6 9. O-O-O Be6 10. Nxe6 fxe6 11. Bh6 Bxh6 12. Qxh6 Ne5 13. h4 Rc8 14. Qe3 Qa5 15. g4 Rxc3 16. bxc3 Qa3+ 17. Kd2 Nfxg4 18. fxg4 Rxf1 19. Rhxf1 Nc4+ 20. Ke2 Nxe3 21. Kxe3 Qxc3+ 22. Rd3 Qxc2 23. Rf2 Qc1+ 24. Ke2 Qh1 25. Rdf3 Qxh4 26. Rf8+ Kg7 27. R8f7+ Kh6 28. g5+ Kxg5 29. Rg2+ Kh6 0-1

[Event "RA Summer Pickup #3"]
[Site "Ottawa CAN"]
[Date "2001.08.09"]
[Round "3"]
[White "Pacey, Kevin"]
[Black "Kirby, Patrick"]
[Result "1-0"]
[WhiteElo "2303"]
[BlackElo "2212"]
[PlyCount "53"]
[GameId "2160767911555399"]
[EventDate "2001.07.26"]
[EventType "swiss"]
[EventRounds "6"]
[EventCountry "CAN"]

1. d4 Nf6 2. c4 e6 3. Nf3 d5 4. Nc3 Be7 5. Bg5 h6 6. Bh4 O-O 7. e3 b6 8. cxd5 Nxd5 9. Bxe7 Qxe7 10. Nxd5 exd5 11. Be2 Be6 12. O-O c5 13. dxc5 bxc5 14. Qa4 Nd7 15. Qa3 Rfb8 16. Nd4 Qf6 17. Nxe6 fxe6 18. b3 a5 19. Qa4 Nb6 20. Qc6 c4 21. Bg4 e5 22. Be6+ Kh8 23. bxc4 dxc4 24. Rab1 Nc8 25. Qe8+ Kh7 26. Bg8+ Kh8 27. Bf7+ 1-0

[Event "RA Summer Pickup #3"]
[Site "Ottawa CAN"]
[Date "2001.08.16"]
[Round "4"]
[White "De Kerpel, Stijn"]
[Black "Pacey, Kevin"]
[Result "0-1"]
[WhiteElo "2174"]
[BlackElo "2303"]
[PlyCount "114"]
[GameId "2160767911555400"]
[EventDate "2001.07.26"]
[EventType "swiss"]
[EventRounds "6"]
[EventCountry "CAN"]

1. c4 e6 2. g3 f5 3. Bg2 Nf6 4. Nf3 Be7 5. O-O O-O 6. Nc3 c6 7. d4 d5 8. b3 b6 9. cxd5 cxd5 10. Bf4 a6 11. Rc1 Bb7 12. Ng5 Qd7 13. Na4 Bd8 14. Nb2 Nc6 15. Nf3 Rc8 16. Nd3 Be7 17. Nde5 Nxe5 18. Nxe5 Qb5 19. Qd3 Ba3 20. Rcd1 Qxd3 21. exd3 Rc2 22. Nc4 dxc4 23. Bxb7 c3 24. Bxa6 Nd5 25. Bc1 Ra8 26. Bb7 Ra7 27. Bc8 Re2 28. Rde1 Rxe1 29. Rxe1 Nb4 30. Bxe6+ Kf8 31. Bxf5 Nc2 32. Bxa3+ Rxa3 33. Re4 Rxa2 34. Bxh7 Ra1+ 35. Kg2 Ne1+ 36. Kh3 g5 37. Re2 c2 38. Rxc2 Nxc2 39. d5 Kg7 40. Be4 Ra7 41. Kg4 Kf6 42. h4 gxh4 43. Kxh4 Nd4 44. g4 Nxb3 45. f4 Nc5 46. g5+ Kg7 47. Bf5 Ra4 48. Kg4 Rd4 49. Be4 Nxd3 50. Kf5 b5 51. Bxd3 Rxd3 52. Ke6 Re3+ 53. Kd7 Kg6 54. Kc6 b4 55. Kc5 b3 56. Kd4 Re2 57. Kd3 Rg2 0-1

[Event "RA Summer Pickup #3"]
[Site "Ottawa CAN"]
[Date "2001.08.23"]
[Round "5"]
[White "Voloaca, Mihnea"]
[Black "Pacey, Kevin"]
[Result "1-0"]
[WhiteElo "2258"]
[BlackElo "2303"]
[PlyCount "51"]
[GameId "2160767911555401"]
[EventDate "2001.07.26"]
[EventType "swiss"]
[EventRounds "6"]
[EventCountry "CAN"]

1. Nf3 c5 2. c4 Nf6 3. Nc3 d5 4. cxd5 Nxd5 5. e4 Nb4 6. Bc4 Nd3+ 7. Ke2 Nf4+ 8. Kf1 Be6 9. Bb5+ Bd7 10. Qb3 Nc6 11. d4 Nxd4 12. Nxd4 cxd4 13. Bxf4 e5 14. Bxe5 Bc5 15. Bxg7 Rg8 16. Bxd7+ Qxd7 17. Nd5 Qc6 18. Be5 Rg5 19. f4 Qa6+ 20. Kf2 Rxg2+ 21. Kxg2 Qe2+ 22. Kh3 Qh5+ 23. Kg3 Qg6+ 24. Kf2 d3+ 25. Kf1 f6 26. Nxf6+ 1-0

[Event "RA Summer Pickup #3"]
[Site "Ottawa CAN"]
[Date "2001.08.30"]
[Round "6"]
[White "Pacey, Kevin"]
[Black "Moisseev, Dmitri"]
[Result "1-0"]
[WhiteElo "2303"]
[BlackElo "1909"]
[PlyCount "61"]
[GameId "2160767911555402"]
[EventDate "2001.07.26"]
[EventType "swiss"]
[EventRounds "6"]
[EventCountry "CAN"]

1. e4 c5 2. Nf3 Nc6 3. d4 cxd4 4. Nxd4 d6 5. c4 Qb6 6. Nc2 Nf6 7. Nc3 a6 8. Be2 Be6 9. O-O g6 10. Nd5 Bxd5 11. cxd5 Ne5 12. Be3 Qd8 13. Bd4 Bg7 14. f4 Ned7 15. e5 Nxd5 16. Bf3 dxe5 17. fxe5 N7b6 18. Bxd5 Nxd5 19. e6 Bxd4+ 20. Qxd4 f6 21. Kh1 Nb6 22. Qe3 Nc4 23. Qf4 Ne5 24. Qh6 Qb6 25. Qg7 Rf8 26. Qxh7 Qxe6 27. Nd4 Qg4 28. Nf3 Nxf3 29. Rxf3 Qh5 30. Qg7 Rh8 31. Rh3 1-0

[Event "RA Winter op"]
[Site "Ottawa CAN"]
[Date "2001.01.13"]
[Round "2"]
[White "Arsenault, Michel"]
[Black "Pacey, Kevin"]
[Result "0-1"]
[WhiteElo "1982"]
[BlackElo "2333"]
[PlyCount "32"]
[GameId "2160767911618730"]
[EventDate "2001.01.13"]
[EventType "swiss"]
[EventRounds "5"]
[EventCountry "CAN"]

1. c4 e5 2. g3 Nc6 3. Bg2 g6 4. Nc3 Bg7 5. e4 d6 6. Nge2 Be6 7. d3 Qd7 8. Qa4 Nge7 9. Nd5 O-O 10. O-O Kh8 11. b4 f5 12. Bg5 Ng8 13. Rab1 fxe4 14. dxe4 Nd4 15. Qd1 Bg4 16. Ndc3 Nf3+ 0-1

[Event "RA Winter op"]
[Site "Ottawa CAN"]
[Date "2001.01.13"]
[Round "3"]
[White "Pacey, Kevin"]
[Black "Djerkovic, Miladin"]
[Result "1-0"]
[WhiteElo "2333"]
[BlackElo "2294"]
[PlyCount "71"]
[GameId "2160767911618731"]
[EventDate "2001.01.13"]
[EventType "swiss"]
[EventRounds "5"]
[EventCountry "CAN"]

1. e4 e5 2. Nf3 Nc6 3. Bc4 Bc5 4. b4 Bxb4 5. c3 Be7 6. d4 Na5 7. Nxe5 Nxc4 8. Nxc4 d5 9. exd5 Qxd5 10. Ne3 Qd8 11. O-O Nf6 12. c4 O-O 13. Nc3 c5 14. d5 Ne8 15. Ne4 f5 16. d6 Bxd6 17. Qd5+ Kh8 18. Nxd6 Qxd6 19. Ba3 Be6 20. Qxb7 Nf6 21. Rfd1 Qb6 22. Qe7 Rf7 23. Qxc5 Qxc5 24. Bxc5 Rc8 25. Bd6 Ne4 26. Be5 f4 27. Nd5 h6 28. f3 Ng5 29. h4 Nh7 30. Rac1 Rd7 31. Nxf4 Rxd1+ 32. Rxd1 Nf8 33. Nxe6 Nxe6 34. Rd6 Nf8 35. Rxh6+ Kg8 36. Ra6 1-0

[Event "RA Winter op"]
[Site "Ottawa CAN"]
[Date "2001.01.14"]
[Round "5"]
[White "Pacey, Kevin"]
[Black "Voloaca, Mihnea"]
[Result "1-0"]
[WhiteElo "2333"]
[BlackElo "2237"]
[PlyCount "131"]
[GameId "2160767911618733"]
[EventDate "2001.01.13"]
[EventType "swiss"]
[EventRounds "5"]
[EventCountry "CAN"]

1. e4 c5 2. Nc3 e6 3. g3 d5 4. Bg2 dxe4 5. Nxe4 Nc6 6. Ne2 h5 7. d3 Nh6 8. O-O Nf5 9. c3 Be7 10. a3 a5 11. Be3 Nxe3 12. fxe3 Ne5 13. d4 Ng4 14. Qd3 c4 15. Qd2 h4 16. h3 Nh6 17. g4 f5 18. Nf2 fxg4 19. hxg4 e5 20. Qc2 O-O 21. Qe4 Kh8 22. Qxe5 Bxg4 23. Nxg4 Nxg4 24. Qh5+ Nh6 25. Nf4 Rf6 26. Ng6+ Kh7 27. Be4 Kg8 28. Qd5+ Nf7 29. Nxe7+ Qxe7 30. Rxf6 gxf6 31. Kh1 Kf8 32. Rf1 Ng5 33. Qxg5 Qxe4+ 34. Kh2 Ra6 35. Rxf6+ Rxf6 36. Qxf6+ Ke8 37. Qh8+ Ke7 38. Qg7+ Ke8 39. Qg8+ Ke7 40. Qg5+ Ke6 41. Qxa5 Qxe3 42. Qb6+ Kf5 43. Qc5+ Kg6 44. Qd6+ Kf7 45. Qd5+ Kf6 46. Qd8+ Kf5 47. Qxh4 Qe2+ 48. Kg1 Qd1+ 49. Kg2 b5 50. Qh3+ Kg6 51. Qg3+ Kh6 52. Qe3+ Kg6 53. Kg3 Qb3 54. d5 Qxb2 55. d6 Qxa3 56. Qe4+ Kf7 57. Qe7+ Kg6 58. Qe6+ Kh5 59. Qe5+ Kg6 60. d7 Qc1 61. d8=Q Qg1+ 62. Kf3 Qh1+ 63. Kg4 Qg2+ 64. Qg3 Qe4+ 65. Kh3+ Kf7 66. Qgg8# 1-0

[Event "RACC ch"]
[Site "Ottawa CAN"]
[Date "2001.01.04"]
[Round "1"]
[White "Pacey, Kevin"]
[Black "Kirby, Patrick"]
[Result "1/2-1/2"]
[WhiteElo "2333"]
[BlackElo "2067"]
[PlyCount "111"]
[GameId "2160767911618913"]
[EventDate "2001.01.04"]
[EventType "swiss"]
[EventRounds "7"]
[EventCountry "CAN"]

1. d4 Nf6 2. c4 e6 3. Nc3 Bb4 4. e3 O-O 5. Nge2 d5 6. a3 Be7 7. cxd5 exd5 8. Nf4 c6 9. Bd3 b6 10. O-O Ba6 11. Bxa6 Nxa6 12. Qa4 Qc8 13. Bd2 Qb7 14. Rfd1 Nc7 15. Rac1 Rac8 16. Nce2 Ne6 17. Bb4 Bxb4 18. Qxb4 Qa6 19. Nxe6 fxe6 20. Nf4 Rfe8 21. Qd6 Ne4 22. Qd7 Nf6 23. Qd6 Ne4 24. Qe5 Qb7 25. f3 Nf6 26. Nd3 Nd7 27. Qd6 Qc7 28. Qxc7 Rxc7 29. Nb4 c5 30. dxc5 bxc5 31. Rd2 Rec8 32. Rdc2 c4 33. Rd1 a5 34. Na2 Nc5 35. e4 Nd3 36. exd5 exd5 37. Nc1 Nxc1 38. Rcxc1 Rc5 39. Rc2 Kf7 40. Re2 Rb8 41. Rd4 Rcb5 42. Rf4+ Kg8 43. Re7 R5b7 44. Re5 Rxb2 45. Rxd5 Re8 46. h4 c3 47. Rc5 c2 48. Kh2 h5 49. Rfc4 Re2 50. Kh3 Rxg2 51. Rxa5 Rg1 52. Rac5 Rb3 53. Rxc2 Rxf3+ 54. Kh2 Rgg3 55. Rxh5 Rh3+ 56. Kg2 1/2-1/2

[Event "RACC ch"]
[Site "Ottawa CAN"]
[Date "2001.01.11"]
[Round "2"]
[White "Horvat, Miro"]
[Black "Pacey, Kevin"]
[Result "0-1"]
[WhiteElo "2052"]
[BlackElo "2333"]
[PlyCount "70"]
[GameId "2160767911618914"]
[EventDate "2001.01.04"]
[EventType "swiss"]
[EventRounds "7"]
[EventCountry "CAN"]

1. d4 d5 2. Nc3 e6 3. e4 Bb4 4. e5 c5 5. a3 Bxc3+ 6. bxc3 Qc7 7. Bd2 Ne7 8. Nf3 Nbc6 9. Bd3 Bd7 10. O-O c4 11. Be2 O-O-O 12. Ng5 Rdf8 13. f4 f6 14. Nf3 Be8 15. Be3 Qa5 16. Qd2 Bg6 17. a4 Be4 18. Rfb1 a6 19. Rb2 Nf5 20. Bf2 h5 21. Qe1 Rf7 22. Ra3 Bxf3 23. Bxf3 fxe5 24. dxe5 Qc7 25. Ra1 g5 26. Rab1 Qd8 27. fxg5 Qxg5 28. Qe2 Qf4 29. Re1 Rg7 30. g3 h4 31. g4 h3 32. Kh1 Nxe5 33. Bxd5 exd5 34. gxf5 Rg2 35. Qxe5 Rxh2+ 0-1

[Event "RACC ch"]
[Site "Ottawa CAN"]
[Date "2001.01.18"]
[Round "3"]
[White "Pacey, Kevin"]
[Black "Van Dusen, Eric"]
[Result "1/2-1/2"]
[WhiteElo "2333"]
[BlackElo "1892"]
[PlyCount "132"]
[GameId "2160767911618915"]
[EventDate "2001.01.04"]
[EventType "swiss"]
[EventRounds "7"]
[EventCountry "CAN"]

1. e4 c5 2. Nc3 Nc6 3. g3 g6 4. Bg2 Bg7 5. d3 d6 6. f4 e6 7. Nf3 Nge7 8. O-O O-O 9. Be3 Nd4 10. e5 Nef5 11. Bf2 Nxf3+ 12. Qxf3 Nd4 13. Bxd4 cxd4 14. Ne4 dxe5 15. fxe5 Bxe5 16. Rae1 Bg7 17. Nf6+ Bxf6 18. Qxf6 Qxf6 19. Rxf6 Rd8 20. Ref1 Rd7 21. c4 dxc3 22. bxc3 Rb8 23. d4 b6 24. Bc6 Re7 25. c4 Bb7 26. Ba4 Rd8 27. Rd1 Ba6 28. d5 Bxc4 29. d6 Rb7 30. Bc6 Rbb8 31. Rd2 b5 32. d7 Rb6 33. Bg2 Bd5 34. Bxd5 Rxd7 35. Rc2 exd5 36. Rxb6 axb6 37. Rb2 d4 38. Kf1 Rd5 39. Ke2 f5 40. Kd3 Kf7 41. Re2 Kf6 42. Re8 Rd6 43. Rh8 Kg7 44. Rb8 h6 45. h4 g5 46. h5 g4 47. Re8 Kf6 48. Rg8 Kf7 49. Rc8 Kf6 50. Rg8 Ke5 51. Re8+ Re6 52. Rf8 Rd6 53. Re8+ Kd5 54. Rf8 Ke6 55. Re8+ Kf7 56. Rc8 Re6 57. Kxd4 Re4+ 58. Kd3 Ra4 59. Ke3 Rxa2 60. Rc6 Ra3+ 61. Kf4 Rf3+ 62. Ke5 b4 63. Rxh6 b3 64. Rxb6 Kg7 65. Rb7+ Kh6 66. Kf6 Rxg3 1/2-1/2

[Event "RACC ch"]
[Site "Ottawa CAN"]
[Date "2001.01.25"]
[Round "4"]
[White "Abt, Michael"]
[Black "Pacey, Kevin"]
[Result "0-1"]
[WhiteElo "1687"]
[BlackElo "2333"]
[PlyCount "62"]
[GameId "2160767911618916"]
[EventDate "2001.01.04"]
[EventType "swiss"]
[EventRounds "7"]
[EventCountry "CAN"]

1. b3 e5 2. Bb2 Nc6 3. g3 d5 4. Bg2 Nf6 5. Nc3 Bc5 6. e3 Bg4 7. Nce2 d4 8. Nf3 O-O 9. h3 Bh5 10. g4 Bg6 11. exd4 exd4 12. O-O d3 13. cxd3 Bxd3 14. Re1 Ne4 15. Rf1 Bxe2 16. Qb1 Bxf3 17. Bxf3 Nxd2 18. Qf5 Nd4 19. Bxd4 Bxd4 20. Rad1 Nxf1 21. Kxf1 c5 22. Bxb7 Rb8 23. Bd5 Qf6 24. Qc2 Rbd8 25. Be4 Bxf2 26. Bxh7+ Kh8 27. Rxd8 Rxd8 28. Bf5 Be3 29. Ke1 Qh4+ 30. Kf1 Rd1+ 31. Qxd1 Qf2# 0-1